000 00907nam a2200289 a 4500
001 BRCA_4586
005 20190320204727.0
008 240910s1958----mx-a######---#000-0#spa-#
041 _aspaeng
044 _amx
084 _aSB409
_b.W75 1
_c1958
100 1 _aWright, Norman Pelham
_911598
245 1 0 _aOrquídeas de México
_cN. Pelham Wright ; fotografías de Hugh T. Morgan y Gerald Molina.
260 _aMéxico
_bFournier
_c1958
300 _a23 p.
_bil. a color, 40 láminas, 1 mapa
_c25 cm.
500 _aIncluye índice de láminas
500 _aEjemplar igual a Y200 y S59
500 _aCFG71
546 _aTexto en: español e inglés
650 1 4 _aOrquídeas
_zMéxico
_911599
650 1 4 _aFloricultura
_zMéxico
_911600
700 1 _aMorgan, Hugh T.
_efot.
_911601
710 2 _aMolina, Gerald
_efot.
_911602
710 2 _aBalme, Juan
_ePref.
_911603
902 _aGFM
942 _2lcc
_cB
999 _c4291
_d4291